000 00983nam a22002417a 4500
999 _c16884
_d16884
003 AR-CdUCM
008 190506b ||||| |||| 00| 0 spa d
040 _aMUNICIPALIDAD PROVINCIAL DEL CUSCO
_cBIBLIOTECA MUNICIPAL DEL CUSCO
041 _heng
082 _a305.562 /
_bSM61
100 _aSmiles, Samuel
_935155
245 _aVida y trabajo ó caracteres peculiares de los hombres :
_bsegún su laboriosidad, cultura y su genio /
260 _aBarcelona :
_bRamón Sopena.
300 _a348 páginas ;
_c20 cm.
505 _aContenido: El hombre y el caballero -- Grandes hombres -- Jóvenes ilustres -- Ancianos ilustres -- Herencia del talento y del genio -- Enfermedades literarias exceso de trabajo cerebral -- Salud ...
650 _aTrabajadores
_98056
650 _aÉtica
_91337
650 _aPsicología social
_94539
650 _aConducta de vida
_936609
700 _aNuñez de Prado, G. (traducción)
_936610
942 _2ddc
_cLIBROS
945 _aachl
_d2019-05-06